Digital and analog communication systems/ (Record no. 130)
[ view plain ]
| 000 -LEADER | |
|---|---|
| fixed length control field | 00617nac a22001691u 4500 |
| 020 ## - INTERNATIONAL STANDARD BOOK NUMBER | |
| International Standard Book Number | 0130812234 |
| 082 ## - DEWEY DECIMAL CLASSIFICATION NUMBER | |
| Classification number | 621.382 |
| Item number | C853 |
| 090 ## - LOCALLY ASSIGNED LC-TYPE CALL NUMBER (OCLC); LOCAL CALL NUMBER (OCLC) | |
| -- | 130 |
| -- | 130 |
| 100 ## - MAIN ENTRY--PERSONAL NAME | |
| Personal name | Couch, Leon II |
| 245 ## - TITLE STATEMENT | |
| Title | Digital and analog communication systems/ |
| Statement of responsibility, etc | Leon W. Couch II |
| 250 ## - EDITION STATEMENT | |
| Edition statement | 6th ed. |
| 260 ## - PUBLICATION, DISTRIBUTION, ETC. (IMPRINT) | |
| Place of publication, distribution, etc | New Jersey |
| Name of publisher, distributor, etc | Prentice Hall |
| Date of publication, distribution, etc | 2001 |
| 650 ## - SUBJECT ADDED ENTRY--TOPICAL TERM | |
| Topical term or geographic name as entry element | Telecommunication systems |
| 650 ## - SUBJECT ADDED ENTRY--TOPICAL TERM | |
| Topical term or geographic name as entry element | Digital communications |
| 942 ## - ADDED ENTRY ELEMENTS (KOHA) | |
| Item type | Book - Borrowing |
| Call number prefix | 621.382 C853 |
| Withdrawn status | Item status | Damaged status | Not for loan | Home library | Current library | Shelving location | Date acquired | Source of acquisition | Total Checkouts | Total Renewals | Full call number | Barcode | Date last seen | Date last borrowed | Cost, replacement price | Koha item type |
|---|---|---|---|---|---|---|---|---|---|---|---|---|---|---|---|---|
| Central Library | Central Library | First floor | 26/01/2006 | Purchase | 4 | 20 | 621.382 COU | 000004630 | 15/07/2025 | 17/04/2012 | 250.00 | Book - Borrowing |